Xã hội diễn cảnh
Tập hợp hình ảnh và các quan hệ xã hội giữa người với người qua sự trung gian của hình ảnh xã hội
Đã lưu trong:
| Príomhúdar: | |
|---|---|
| Formáid: | Leabhar |
| Teanga: | Undetermined |
| Foilsithe: |
Hà Nội
Tri thức
2014
|
| Ábhair: | |
| Clibeanna: |
Cuir Clib Leis
Gan Chlibeanna, Bí ar an gcéad duine leis an taifead seo a chlibeáil!
|
| Thư viện lưu trữ: | Trung tâm Học liệu Trường Đại học Cần Thơ |
|---|
| LEADER | 00802nam a2200205Ia 4500 | ||
|---|---|---|---|
| 001 | CTU_215608 | ||
| 008 | 210402s9999 xx 000 0 und d | ||
| 020 | |c 75000 | ||
| 082 | |a 301.1 | ||
| 082 | |b D287 | ||
| 100 | |a Debor, Guy | ||
| 245 | 0 | |a Xã hội diễn cảnh | |
| 245 | 0 | |c Guy Debor ; Nguyễn Tùng (dịch, chú giải và giới thiệu) | |
| 260 | |a Hà Nội | ||
| 260 | |b Tri thức | ||
| 260 | |c 2014 | ||
| 520 | |a Tập hợp hình ảnh và các quan hệ xã hội giữa người với người qua sự trung gian của hình ảnh xã hội | ||
| 650 | |a Social classes,Phân cấp xã hội,Social psychology,Tâm lý học xã hội | ||
| 904 | |i Nguyên | ||
| 980 | |a Trung tâm Học liệu Trường Đại học Cần Thơ | ||